| 000 | 01370nam a22003857a 4500 | ||
|---|---|---|---|
| 003 | CHAP | ||
| 005 | 20220329143350.0 | ||
| 008 | 081228s1999 mx a r 00010 spa d | ||
| 010 | _a95574 | ||
| 011 | _a96546 | ||
| 020 | _a9701504356 | ||
| 035 | _a107200 | ||
| 040 | _cCHAP | ||
| 082 | 1 | 0 |
_a658.503 _bC73 |
| 100 | 1 |
_aCompanys Pascual, Ramón. _926065 |
|
| 245 | 1 | 0 |
_aNuevas técnicas de gestión de stocks : _bMRP y JIT _c/por Ramón Companys Pascual y Joan B. Fonollosa i Guardiet |
| 260 |
_aMéxico : _bAlfaomega, _c1999 |
||
| 300 |
_a149 p. : _bilus. |
||
| 490 | 0 |
_aProdúctica _v; 22 |
|
| 590 |
_aBATCH-UPD _b10 _c20130110 _lUCH01 _h0413 |
||
| 590 |
_aBATCH-UPD _b10 _c20130110 _lUCH01 _h2013 |
||
| 590 |
_aBATCH-UPD _b10 _c20130410 _lUCH01 _h0048 |
||
| 590 |
_aBATCH-UPD _b10 _c20130914 _lUCH01 _h1053 |
||
| 590 |
_aCONVERSION _b10 _c20130109 _lUCH01 _h1353 |
||
| 650 | 1 | 4 |
_aCostos de producción. _928514 |
| 650 | 1 | 4 |
_aProducción _xControl de la. _991858 |
| 650 | 1 | 4 |
_aProductividad. _991868 |
| 650 | 1 | 4 |
_aSistemas de producción. _9106767 |
| 700 | 1 |
_aFonollosa i Guardiet, Joan B. _942134 |
|
| 830 | 0 |
_aProdúctica _v; 22 _991857 |
|
| 901 | _aBK | ||
| 942 | _cLIBRO | ||
| 949 |
_a658.503 C73 _bBC _cLIBRO _d33724002075603 _eLIBRO _gI.c/e _h110224 _i107200 _sb _t$178.00 |
||
| 949 |
_a658.503 C73 _bBC _cLIBRO _d33724002075644 _eLIBRO _fc.2 _gI.c/e _h110225 _i107200 _sb _t$178.00 |
||
| 999 |
_c95574 _d95574 |
||